02670nam a22002777a 4500001000400000003000400004005001700008008004100025020001800066040001300084041001300097082001500110100003400125240002100159245007100180260003500251300001100286520197100297650002502268650001302293650001902306650001302325655001202338655001602350700002602366267OSt20250528074016.0250313b |||||||j |||| 00| f eng d a9786555981865 bporceng aporheng a813bB199g aBambara, Toni Caded1939-1995 aGorilla, My Love aGorilabMeu amor /cBambara, Toni Cade ; tradução Nina Rizzi  aRio de JaneirobDarkSidec2022 a187 p. aUma mãe acuada pelos filhos em uma festa. A garota mais veloz do bairro se preparando para uma corrida. Uma aniversariante solitária perambulando pelo bairro sem que ninguém a parabenize. E uma menina indignada no cinema, pois entrou para assistir a um filme chamado Gorila, Meu Amor, mas os adultos mais uma vez faltaram com a palavra e exibiram um filme bem diferente... Essas são apenas algumas cenas inesquecíveis de Gorila, Meu Amor, antologia de quinze contos que marca a estreia da romancista Toni Cade Bambara na marca DarkLove, que celebra as autoras mais inovadoras e audazes da literatura mundial. Publicado originalmente em 1972, em meio às transformações sociais, políticas e culturais que marcaram as décadas de 1960 e 1970 nos Estados Unidos, Gorila, Meu Amor nos convida a uma poderosa experiência de leitura. Um dos nomes mais consagrados e influentes do Black Arts Movement, Bambara nos transporta para o coração de vivências negras singulares, esmiuçando com audácia, sensibilidade e ironia os contrastes brutais de uma sociedade em colapso. Homens e mulheres, adultos e crianças, ricos e pobres. Intercalando entre a vida metropolitana em Nova York e o cotidiano rural na Carolina do Norte – em que os próprios lugares são personagens marcantes das histórias –, o livro consolidou Bambara como uma autora excepcional, cuja narrativa lírica e divertida, marcada por forte oralidade, captura recortes de vidas incompreendidas e invisibilizadas e explora o que realmente significa ser mulher. Com protagonistas afiadas e corajosas, a autora dá voz à potência do feminismo negro e nos desafia a encarar as contradições de uma nação presunçosa, intolerante e perdida em suas próprias promessas. Visceral, autêntico e poderoso, Gorila, Meu Amor é uma reflexão sobre as mentiras que nos contam, as verdades que nos escondem e a coragem para acreditarmos em quem realmente somos. 0aLiteratura Americana 0aSuspense 0aAmor-próprio 0aAventura 0aRomance 0aFicção  aNina RizzieTRADUTORA